|
|
|
|
| LEADER |
01950nam a2200469 a 4500 |
| 001 |
000774279 |
| 003 |
CZ BrMZK |
| 005 |
20130620152712.0 |
| 007 |
ta |
| 008 |
050513s2005 xr a gre 010 0 eng d |
| 020 |
|
|
|a 80-85991-28-4
|q (váz.)
|
| 040 |
|
|
|a BOA001
|b cze
|
| 041 |
1 |
|
|a eng
|h cze
|
| 043 |
|
|
|a e-xr---
|b e-xr-jc
|2 czenas
|
| 072 |
|
7 |
|a 629
|x Dopravní prostředky
|2 Konspekt
|9 19
|
| 080 |
|
|
|a 629.326:338.45
|2 MRF
|
| 080 |
|
|
|a 629.326
|2 MRF
|
| 080 |
|
|
|a (437.319)
|2 MRF
|
| 080 |
|
|
|a (031)
|2 MRF
|
| 080 |
|
|
|a (084.11)
|2 MRF
|
| 100 |
1 |
|
|a Gomola, Miroslav
|7 jn20010309338
|4 aut
|
| 245 |
1 |
0 |
|a CZ motorcycles - the history of Strakonice Arms Factory /
|c Miroslav Gomola ; [translator Jiří Duchoň]
|
| 246 |
1 |
|
|i Název v tiráži a obálkový název:
|a ČZ motorcycles - the history of Strakonice Arms Factory
|
| 250 |
|
|
|a Added and corr. ed.
|
| 260 |
|
|
|a In Brno :
|b AGM CZ,
|c [2005?]
|
| 300 |
|
|
|a 281 s. :
|b il. (některé barev.) ;
|c 31 cm
|
| 490 |
1 |
|
|a The history of motor vehicles
|
| 500 |
|
|
|a Přeloženo z češtiny
|
| 500 |
|
|
|a Vydáno ve spolupráci s Bertus International Service & Manufacturing, La Puente, Canada při příležitosti 80. výročí založení továrny
|
| 650 |
0 |
7 |
|a motocyklový průmysl
|7 ph137727
|z Česko
|2 czenas
|
| 650 |
0 |
7 |
|a motocykly
|7 ph115359
|z Česko
|2 czenas
|
| 655 |
|
7 |
|a encyklopedie
|7 fd132201
|2 czenas
|
| 655 |
|
7 |
|a obrazové publikace
|7 fd132947
|2 czenas
|
| 610 |
2 |
7 |
|a ČZ Strakonice (firma)
|7 kn20040510003
|2 czenas
|
| 651 |
|
7 |
|a Strakonice (Česko)
|7 ge130962
|2 czenas
|
| 765 |
0 |
|
|t Motocykly ČZ, aneb, Strakonická historie
|9 Anglicky
|
| 830 |
|
0 |
|a History of motor vehicles
|
| 856 |
4 |
1 |
|u http://www.digitalniknihovna.cz/mzk/uuid/uuid:7b91eff0-1bc0-11e4-8f64-005056827e52
|y Digitalizovaný dokument
|x NDK
|
| 910 |
|
|
|a BOA001
|b 4-1152.372
|
| 990 |
|
|
|a BK
|
| 991 |
|
|
|b 200506
|c NOV
|
| 996 |
6 |
|
|b 2610251457
|c 4-1152.372
|l MZK
|r Sklad / do 1 hodiny
|n 0
|p p.v.
|w 000774279
|u 000010
|a 1
|e BOA001
|j MZK50
|s P
|